000 00253nam a2200085Ia 4500
008 170620s9999 xx 000 0 und d
100 _aSiddiqui- Mujibul Hasan
245 0 _aDistance Education- Theory and Research
260 _bNew Delhi- A.P.H. Publishing corporation
260 _c2006
999 _c24322
_d24322